000 00646nam a2200217Ia 4500
005 20241129111120.0
008 241129s9999||||xx |||||||||||||| ||und||
020 _a978-1-009-17191-5
037 _aTB
040 _aCRL
_beng
_cCRL
041 _aeng
_2eng
084 _aV2:2.N5 R3
_qCRL
100 _aMathew John Au.
_9723371
245 0 _aIndia's communal constitution: law religion and the making of a people
_cMathew John Au.
260 _aCambridge, UK
_bUniversity Press
_c2023
300 _aix,147p.
365 _aINR
_b1150
650 _aIndian HistoryConstitution
942 _cTB
_hV2:2.N5 R3
999 _c1228993
_d1228993